000 00639nam a2200265Ia 4500
005 20260306163942.0
008 008 260114s9999 xx 000 0 eng d
020 _a9781529214994
037 _aEBOOK
040 _aCRL
040 _beng
040 _cCRL
041 _2eng
041 _aeng
084 _qCRL
100 _aBrewster
_91129692
245 0 _aCultures Of Cannabis Control: An International Comparison Of Policy Making
260 _bThe Policy Press
260 _c2023
650 _aLaw
856 _uhttps://academic.oup.com/book/46026
942 _cEBOOK
999 _c1712153
_d1712153